Ground water flow modelling of K.C.E.A.T campus using visual modflow (Record no. 15157)
[ view plain ]
| 000 -LEADER | |
|---|---|
| fixed length control field | 00721nam a22002057a 4500 |
| 003 - CONTROL NUMBER IDENTIFIER | |
| control field | OSt |
| 088 ## - REPORT NUMBER | |
| Report number | P 284 |
| 100 ## - MAIN ENTRY--AUTHOR NAME | |
| Personal name | RAMLA T. T |
| 245 ## - TITLE STATEMENT | |
| Title | Ground water flow modelling of K.C.E.A.T campus using visual modflow |
| 260 ## - PUBLICATION, DISTRIBUTION, ETC. (IMPRINT) | |
| Place of publication | Tavanur 2014 |
| Name of publisher | Department of Irrigation and Drainage Engineering |
| 300 ## - PHYSICAL DESCRIPTION | |
| Number of Pages | 59 |
| 500 ## - GENERAL NOTE | |
| General note | Ground water flow modelling of K.C.E.A.T campus using visual modflow |
| 520 ## - SUMMARY, ETC. | |
| Summary, etc | Ground water flow modelling of K.C.E.A.T campus using visual modflow |
| 700 ## - ADDED ENTRY--PERSONAL NAME | |
| Personal name | Salsan K |
| 700 ## - ADDED ENTRY--PERSONAL NAME | |
| Personal name | Saranya S |
| 700 ## - ADDED ENTRY--PERSONAL NAME | |
| Personal name | Dr. Sasikala D (Guide) |
| 856 ## - ELECTRONIC LOCATION AND ACCESS | |
| Uniform Resource Identifier | https://drive.google.com/open?id=1NYr-0nG-ATOW-rQxRHeKmKZu67O1wLKs |
| 942 ## - ADDED ENTRY ELEMENTS (KOHA) | |
| Koha item type | Project Report |
| Collection code | Home library | Current library | Shelving location | Full call number | Accession Number | Koha item type |
|---|---|---|---|---|---|---|
| Reference | KAUAET | KAUAET | Reference | 631 587 RAM/GR | P 284 | Project Report |
